Normal view
MARC view
- ACC NO-6027
Entry Topical Term
001 - CONTROL NUMBER
- control field: 79863
003 - CONTROL NUMBER IDENTIFIER
- control field: NUST
005 - DATE AND TIME OF LATEST TRANSACTION
- control field: 20210628210536.0
008 - FIXED-LENGTH DATA ELEMENTS
- fixed length control field: 210628|| aca||aabn | a|a d
040 ## - CATALOGING SOURCE
- Original cataloging agency: NUST
- Transcribing agency: NUST
150 ## - HEADING--TOPICAL TERM
- Topical term or geographic name entry element: ACC NO-6027
670 ## - SOURCE DATA FOUND
- Source citation: Work cat.: (NUST): PLATT, MAURICE 44363, AUTOMOBILE BRAKES AND BRAKE TESTING BRAKING PRINCIPLES CONSTRUCTION MAINTENANCE AND TESTING OF BRAKING SYSTEMS, 1968
